000 00720nam a22002057a 4500
005 20180328151424.0
010 _aENG-122446
020 _a9789386602770
_c395.00
035 _aEN-105978
037 _bDBAD/PUB
082 _a303.4833
100 _aMicke Darmell
245 _aConnected or disconnected :
_cby Micke Darmell and Kapil Rampal
_bThe art of operating in a connected world /
260 _c2018
_aNew Delhi
_bSAGE Publications
270 _aB1/I-1Mohan Cooperative Industrial Area,Mathura Road,
_bNew Delhi
_e110044
_mwww.sagepub.in
300 _c22cm(pbk)
_a158p.
_bill.
500 _ait Includes bibliographical references
700 _aKapil Rampal
942 _cEN
_2ddc
_mDAR
_h303.4833
999 _c150620
_d150620